Medicina das aves (Record no. 120882)

MARC details
000 -LEADER
campo de control de longitud fija 00649nam a2200205 4500
001 - NÚMERO DE CONTROL
campo de control 120882
003 - IDENTIFICADOR DE NÚMERO DE CONTROL
campo de control ES-MaACL
005 - FECHA Y HORA DE LA ÚLTIMA TRANSACCIÓN
campo de control 20260210162111.0
007 - CAMPO FIJO DE DESCRIPCIÓN FÍSICA--INFORMACIÓN GENERAL
campo de control de longitud fija t|
008 - DATOS DE LONGITUD FIJA--INFORMACIÓN GENERAL
campo de control de longitud fija 070214s1932 po r ||||1| por d
100 1# - ENTRADA PRINCIPAL--NOMBRE DE PERSONA
Nombre de persona Pratas, Joaquín.
9 (RLIN) 93684
245 10 - MENCIÓN DEL TÍTULO
Título Medicina das aves
Resto del título : doenças contagiosas microbianas /
Mención de responsabilidad, etc. por Joaquín Pratas.
250 ## - MENCION DE EDICION
Mención de edición 2ª ed.
260 ## - PUBLICACIÓN, DISTRIBUCIÓN, ETC.
Lugar de publicación, distribución, etc. Lisboa :
Nombre del editor, distribuidor, etc. Empresa Nacional de Publicidade,
Fecha de publicación, distribución, etc. 1932.
300 ## - DESCRIPCIÓN FÍSICA
Extensión 63 p. ;
Dimensiones 17 cm.
490 1# - MENCIÓN DE SERIE
Mención de serie Col. rustica. Folhetos do agricultor ;
Designación de volumen o secuencia 1
830 0# - PUNTO DE ACCESO ADICIONAL DE SERIE-TÍTULO UNIFORME
Título uniforme Col. rustica. Folhetos do agricultor
Designación de volumen o secuencia 1
9 (RLIN) 186495
852 ## - LOCALIZACIÓN
Ubicación ES-MaACL
Número de control de estantería 1937-F-11
Holdings
Estatus retirado Estado de pérdida Estado de daño No para préstamo Colección Biblioteca de origen Biblioteca actual Ubicación en estantería Fecha de adquisición Fuente de adquisición Total de préstamos Signatura topográfica completa Código de barras Visto por última vez Precio de reemplazo Tipo de ítem Koha
        Colección de folletos Biblioteca del Ateneo de Madrid Biblioteca del Ateneo de Madrid Depósito folletos 17/01/2008     1937-F-11 1125991 23/02/2023 23/02/2023 Folleto